000 00760cam a2200277 4500
001 4553905
003 OSt
005 20230619113501.0
008 720308r19721954ctu b 000 0 eng
010 _a 72136892
020 _a0837153352
040 _aDLC
_cDLC
_dDLC
043 _af-sa---
050 0 0 _aHT1521
_b.M285 1972
082 0 0 _a301.6/36/0968
_bMAS
100 1 _aMason, Philip.
245 1 3 _aAn essay on racial tension.
260 _aWestport, Conn.,
_bGreenwood Press
_c[1972]
300 _aix, 149 p.
_c22 cm.
500 _aReprint of the 1954 ed.
504 _aBibliography: p. 147-149.
650 0 _aRace relations.
651 0 _aSouth Africa
_xRace relations.
906 _a7
_bcbc
_corignew
_d1
_encip
_f19
_gy-gencatlg
942 _2ddc
_cBK
999 _c1247
_d1247